Pays avec le plus de Prix Nobel - Statistiques

Statistiques générales
  • Ce quiz a été pris 34 fois
  • Le résultat moyen est 6 sur 7
Statistiques - réponses
Hint Réponse % Correct
72 France
100%
420 USA
97%
114 Allemagne
90%
137 Royaume-Uni
87%
29 Japon
74%
33 Suède
68%
27 Suisse
58%
Aucun quiz correspondant
Distribution des résultats
% des personnes avec chaque résultat
Percentile par nombre de réponses
Votre historique - résultats
Vous n’avez pas pris ce quiz